Lecciones de literatura (Registro nro. 12497)

Detalles MARC
000 -ENCABEZADO
Número de control [NR] 00521nam a2200169Ia 4500
008 - DE LONGITUD FIJA DE DATOS DE ELEMENTOS - INFORMACIÓN GENERAL
Elementos de longitud fija [NR] 130821s1953 mx gr spa
040 ## - FUENTE DE CATALOGACION [NR]
Agencia de catalogación original [NR] Co-BoUCM
Idioma de catalogación [NR] spa
041 ## - CODIGO DE IDIOMA [R]
Código de idioma para texto/pista de sonido o título separado [R] Español
100 ## - ASIENTO PRINCIPAL--NOMBRE PERSONAL [NR]
Nombre personal [NR] Delgado, Rafael
ID Autoridad 114851
245 ## - MENCION DE TITULO [NR]
Título [NR] Lecciones de literatura
Mención de responsabilidad, etc. [NR] Rafael Delgado
260 ## - PUBLICACION, DISTRIBUCION, ETC. (PIE DE IMPRENTA) [R]
Lugar de publicación, distribución, etc. [R] Jalapa (México)
Nombre del editor, distribuidor, etc. [R] Universidad Veracruzana
Fecha de publicación, distribución, etc. [R] 1953
300 ## - DESCRIPCION FISICA [R]
Extensión [R] 380 páginas
500 ## - NOTA GENERAL [R]
Nota general [NR] Notas al pie del texto
650 04 - ASIENTO SECUNDARIO DE MATERIA - TERMINO TEMATICO [R]
Término temático o nombre geográfico como elemento de entrada [NR] Literatura mexicana
9 (RLIN) 18708
942 ## - ELEMENTOS DE ENTRADA AGREGADOS (KOHA)
Tipo de ítem principal el descrito en 300a Libro
Tema principal Literatura
Edición 1
Parte restante de la signatura top. D35
Sistema de clasificación DEWEY
Clasificación 860
Existencias
Signatura topográfica Código de barras Última vez visto Ejemplar Price effective from Tipo de ítem Perdido Sistema de clasificación Dañado No prestable Tipo de ítem específico Suprimido Ubicación habitual Ubicación actual Localización Fecha de creación Forma de adquisición Costo
860 D35 100023832 09/12/2025 Ej.1 03/02/2013 Libro   DEWEY     Libro   Claustro Claustro 2do piso 28/02/2003 Donación 200.00